000 01849nam a2200385 i 4500
001 768714001
003 CO-MdFUSB
005 20210924170729.0
007 ta
008 190529t2020 ck a|||g |||| 00| 0 spa d
020 _a9789585315006
040 _aCO-MdFUSB
_bspa
_cCO-MdFUSB
_dCO-MdFUSBC
_erda
041 _aspa
082 _224
_aG 261
_bF288s
245 1 3 _aLa iglesia y el trauma
_b: una guía de recursos para profesionales de salud mental cristianos que trabajan con personas en situación de desplazamiento en sus congregaciones
_c/ Josephine Hwang Koo , Lisseth Rojas-Flores , Larisa Grams-Benitez , Tommy Givens , Francis Alexis Pineda González.
264 1 _aMedellín, Colombia :
_bPublicaciones SBC,
_c[2020]
264 4 _c© 2020
300 _a53 páginas
_c; 28 cm
336 _2rdacontent
_atexto
_btxt
337 _2rdamedia
_asin mediación
_bn
338 _2rdacarrier
_avolumen
_bnc
490 1 _aFe y desplazamiento
505 _tProfesionales de la salud mental cristianos en la iglesia:
_aEl llamado cristiano del profesional de la salud mental. -- El cuidado psicosocial y la narrativa cristiana. -- La iglesia local y el cuidado psicosocial: perspectivas acerca de la salud mental.
505 _tCaja de herramientas para el cuidado de las personas en situación de desplazamiento :
_aPautas para el cuidado psicosocial en contexto eclesiales. -- Catálogo de recursos y herramientas.
563 _aRústico
650 0 _91177
_aIglesia y problemas sociales
700 _95661
_aHwang Koo, Josephine
_eautor
700 _95659
_aRojas Flores, Lisseth,
_eautor
700 _95664
_aGrams Benítez, Larisa,
_eautor
700 _95660
_aGivens, Tommy,
_eautor
700 _95662
_aPineda González, Francis Alexis,
_eautor
830 _aFe y desplazamiento
_p: Salud mental
942 _cBK
945 _aJTF-925
999 _c66899
_d66899